000 00879nam a2200253 i 4500
001 bg
100 1 _aJANKOWSKI, Stefan
245 1 0 _aBadania mechanizmu tworzenia pochodnych kwasu metafosforowego w roztworach niezawodnych /
_cStefan Jankowski.
260 _aŁódź :
_bWydaw. PŁ,
_c1998.
300 _a63 s. :
_brys. ;
_c23 cm.
490 1 _aRozprawy Naukowe / Politechnika Łódzka,
_x0137-4834 ;
_vz.247
500 _aSer. gł. Zeszyty Naukowe ; nr 793.
504 _aBibliogr. s. 57-61. - Streszcz., summ.
650 9 _aFosfór
_xzwiązki
_xbadanie
650 9 _aReakcje chemiczne
_xbadanie
650 9 _aSpektrometria
_xstosowanie
710 0 _aPOLITECHNIKA ŁÓDZKA (Łódź)
830 0 _aRozprawy Naukowe (Politechnika Łódzka) ;
_vz.247
040 _cBPK
041 0 _apl
_benpl
080 _a544
942 _cKS
008 s pl f |000 0 pol
999 _c32784
_d32784
856 _uhttp://koha.tu.koszalin.pl/cgi-bin/koha/opac-detail.pl?biblionumber=32784
_yKatalog online BPK